000 00317nam a22001457a 4500
003 SGT
020 _a978-1-4129-2468-9
082 _a614, G10G
100 _aGASTIL, JOHN
245 _aTHE GROUP IN SOCIETY
260 _aLOS ANGELS
_bSAGE PUB.
_c2010
300 _a309
650 _aPUBLIC HEALTH
942 _2ddc
_cBK
999 _c8380
_d8380